[Event "GER-chT11-A email"]
[Site "GER email"]
[Date "2015.10.15"]
[Round "?.4"]
[White "Mahnke, Ralf"]
[Black "Bauer, Manfred"]
[Result "1-0"]
[WhiteElo "2534"]
[BlackElo "2389"]
[PlyCount "99"]
[EventDate "2015.??.??"]
[EventType "tourn (corr)"]
[EventRounds "8"]
[EventCountry "GER"]
[SourceTitle "Corr 2017"]
[Source "ChessBase"]
[SourceDate "2017.09.19"]
[SourceVersion "1"]
[SourceVersionDate "2017.09.19"]
[SourceQuality "1"]
[WhiteTeam "HSG Uni Rostock"]
[BlackTeam "FSF Rochade 5171"]

1. d4 Nf6 2. c4 g6 3. Nc3 d5 4. cxd5 Nxd5 5. e4 Nxc3 6. bxc3 Bg7 7. Bc4 c5 8. Ne2 Nc6 9. Be3 0-0 10. 0-0 Qc7 11. Rc1 b6 12. Nf4 e6 13. Re1 Rd8 14. Bf1 Na5 15. g3 Nc6 16. d5 Ne5 17. c4 Nc6 18. Bg2 e5 19. Nd3 Nd4 20. f4 f6 21. Rf1 Bd7 22. Rf2 Rf8 23. Qd2 Rae8 24. Re1 Rc8 25. Qb2 Rce8 26. Qa1 Ba4 27. Qc1 Bd7 28. a3 Rc8 29. Qd1 Qb7 30. a4 Qa6 31. Bf1 Qa5 32. Qb1 Rfe8 33. Qb2 Rc7 34. Kg2 Rcc8 35. Bd2 Qa6 36. Bc3 Bf8 37. fxe5 fxe5 38. Qd2 Rcd8 39. Bxd4 exd4 40. h4 Bg7 41. h5 gxh5 42. Qg5 Bg4 43. Be2 Bxe2 44. Rexe2 Ra8 45. Rf3 Rf8 46. Rxf8+ Rxf8 47. Rf2 Qc8 48. e5 Rxf2+ 49. Nxf2 Qf8 50. Ne4 1-0

[Event "GER-chT11-A email"]
[Site "GER email"]
[Date "2015.10.15"]
[Round "?.4"]
[White "Mahnke, Ralf"]
[Black "Dorer, Manfred"]
[Result "1/2-1/2"]
[WhiteElo "2534"]
[BlackElo "2343"]
[PlyCount "95"]
[EventDate "2015.??.??"]
[EventType "tourn (corr)"]
[EventRounds "8"]
[EventCountry "GER"]
[SourceTitle "Corr 2017"]
[Source "ChessBase"]
[SourceDate "2017.09.19"]
[SourceVersion "1"]
[SourceVersionDate "2017.09.19"]
[SourceQuality "1"]
[WhiteTeam "HSG Uni Rostock"]
[BlackTeam "Hamburg SG BUE"]

1. d4 Nf6 2. c4 e6 3. Nc3 Bb4 4. Nf3 b6 5. Bg5 Bb7 6. e3 h6 7. Bh4 g5 8. Bg3 Ne4 9. Qc2 Bxc3+ 10. bxc3 d6 11. Bd3 Nxg3 12. hxg3 g4 13. Ng1 Nd7 14. Be4 Bxe4 15. Qxe4 Nf6 16. Qf4 Qe7 17. Rxh6 Rxh6 18. Qxh6 0-0-0 19. Ne2 Rg8 20. a4 Qd8 21. Qf4 Rh8 22. Kd2 Rh5 23. e4 e5 24. Qe3 a5 25. Kd3 Qe8 26. f4 gxf3 27. gxf3 Qh8 28. Rc1 Kb7 29. f4 Qg8 30. Qf3 Ng4 31. Kc2 f6 32. Kb3 Rh2 33. Rg1 Rf2 34. Qd3 Nh2 35. dxe5 fxe5 36. g4 Rf3 37. Qc2 Nxg4 38. f5 Rh3 39. Qd2 Rh7 40. Rg3 Rg7 41. Qd5+ Kb8 42. Qxg8+ Rxg8 43. Ng1 Kc8 44. Nf3 Nf6 45. Rxg8+ Nxg8 46. Kc2 Nf6 47. Ng5 Kd7 48. Kd3 1/2-1/2

[Event "GER-chT11-A email"]
[Site "GER email"]
[Date "2015.09.28"]
[Round "?"]
[White "Mahnke, Ralf"]
[Black "Beck, Gerhard"]
[Result "1/2-1/2"]
[WhiteElo "2291"]
[BlackElo "2135"]
[PlyCount "42"]
[EventDate "2015.??.??"]
[EventType "tourn (corr)"]
[EventRounds "8"]
[EventCountry "GER"]
[SourceTitle "Corr 2022"]
[Source "ChessBase"]
[SourceDate "2021.10.24"]
[SourceVersion "1"]
[SourceVersionDate "2021.10.24"]
[SourceQuality "1"]

1. d4 Nf6 2. c4 e6 3. Nc3 Bb4 4. g3 0-0 5. Bg2 d5 6. Nf3 dxc4 7. 0-0 Nc6 8. Bg5 h6 9. Bxf6 Qxf6 10. e3 Rb8 11. Ne4 Qd8 12. Qc2 b5 13. b3 Na5 14. Ne5 Bb7 15. bxc4 Nxc4 16. Nxc4 bxc4 17. Qxc4 Bd5 18. Qa6 c5 19. dxc5 Qc8 20. Qa4 Bxe4 21. Bxe4 Qxc5 1/2-1/2

[Event "Frankfurt-chA"]
[Site "Frankfurt"]
[Date "2015.05.11"]
[Round "3"]
[White "Mahnke, Ralf"]
[Black "Kaiser, Elmar"]
[Result "0-1"]
[WhiteElo "1873"]
[BlackElo "2172"]
[PlyCount "66"]
[EventDate "2015.04.27"]
[EventType "swiss"]
[EventRounds "7"]
[EventCountry "GER"]
[SourceTitle "EXT 2016"]
[Source "ChessBase"]
[SourceDate "2015.10.08"]
[SourceVersion "1"]
[SourceVersionDate "2015.10.08"]
[SourceQuality "1"]

1. d4 Nf6 2. c4 g6 3. Nc3 d5 4. cxd5 Nxd5 5. e4 Nxc3 6. bxc3 Bg7 7. Bc4 c5 8. Ne2 0-0 9. 0-0 Nc6 10. Be3 Bg4 11. f3 Bd7 12. Qd2 Qc7 13. d5 Na5 14. Bd3 c4 15. Bc2 e5 16. Rab1 b6 17. Qd1 Rad8 18. Ba4 Bc8 19. Qc1 f6 20. Qb2 Rf7 21. Rf2 Bf8 22. Kh1 Nb7 23. Ng3 Bd6 24. Nf1 Kh8 25. Re2 Rdf8 26. Bh6 Rg8 27. Be3 f5 28. Bg1 f4 29. Ree1 g5 30. Qe2 g4 31. Nd2 gxf3 32. gxf3 Bh3 33. Bb5 Rfg7 0-1

[Event "Frankfurt-chA"]
[Site "Frankfurt"]
[Date "2015.04.27"]
[Round "1"]
[White "Popp, Matthias"]
[Black "Mahnke, Ralf"]
[Result "0-1"]
[WhiteElo "1522"]
[BlackElo "1873"]
[PlyCount "84"]
[EventDate "2015.04.27"]
[EventType "swiss"]
[EventRounds "7"]
[EventCountry "GER"]
[SourceTitle "EXT 2016"]
[Source "ChessBase"]
[SourceDate "2015.10.08"]
[SourceVersion "1"]
[SourceVersionDate "2015.10.08"]
[SourceQuality "1"]

1. d4 d5 2. Nf3 Nf6 3. Bf4 e6 4. e3 c5 5. c3 Nc6 6. Nbd2 Be7 7. Ne5 0-0 8. Bd3 Bd7 9. Ndf3 cxd4 10. exd4 a6 11. Qc2 Rc8 12. a3 b5 13. 0-0 Na5 14. Nxd7 Qxd7 15. Ne5 Qb7 16. Qe2 Nc4 17. Rfb1 Nd6 18. a4 Ra8 19. axb5 axb5 20. b4 Nde4 21. Qb2 Rfc8 22. Rxa8 Rxa8 23. f3 Nd6 24. Ra1 Nfe8 25. Rxa8 Qxa8 26. Bc1 Qc8 27. Qa1 Bd8 28. Bd2 Bb6 29. Kf2 f6 30. Ng4 e5 31. Ne3 Nc7 32. Qa2 Qe6 33. dxe5 fxe5 34. Ke2 Nc4 35. Bf5 Qf7 36. Qc2 g6 37. Bc8 Nd6 38. Bg4 e4 39. Qb3 Kg7 40. Qc2 h5 41. Bh3 exf3+ 42. gxf3 Qe7 0-1

[Event "GER-chT10 LJ-01 Br04 email"]
[Site "GER email"]
[Date "2013.10.04"]
[Round "?"]
[White "Betker, Joerg"]
[Black "Mahnke, Ralf"]
[Result "1/2-1/2"]
[WhiteElo "2205"]
[BlackElo "2314"]
[PlyCount "98"]
[EventDate "2013.10.15"]
[EventType "tourn (corr)"]
[EventRounds "8"]
[EventCountry "GER"]
[SourceTitle "Corr 2015"]
[Source "ChessBase"]
[SourceDate "2015.07.17"]
[SourceVersion "1"]
[SourceVersionDate "2015.07.17"]
[SourceQuality "1"]

1. e4 e5 2. Nf3 Nc6 3. Bb5 a6 4. Ba4 Nf6 5. 0-0 Be7 6. Re1 b5 7. Bb3 d6 8. c3 0-0 9. h3 Bb7 10. d4 Re8 11. Nbd2 Bf8 12. a4 h6 13. Bc2 exd4 14. cxd4 Nb4 15. Bb1 c5 16. d5 Nd7 17. Ra3 c4 18. axb5 axb5 19. Nd4 Rxa3 20. bxa3 Nd3 21. Bxd3 cxd3 22. Bb2 Qa5 23. Nf5 g6 24. Ne3 Ne5 25. Qa1 Nd7 26. Bc3 Qa4 27. Rc1 Rc8 28. Bb2 Nc5 29. Ng4 Nd7 30. Rxc8 Bxc8 31. Ne3 Nc5 32. Qc1 b4 33. axb4 Qxb4 34. Qc3 Qxc3 35. Bxc3 h5 36. f3 Bh6 37. Kf2 f5 38. Ba5 Bf4 39. h4 fxe4 40. fxe4 Ba6 41. Bb4 Bh6 42. g3 Kf7 43. e5 Bf8 44. e6+ Ke7 45. Kf3 Bh6 46. Ne4 Nxe4 47. Kxe4 Bxe3 48. Kxe3 Bc4 49. Kd4 Bb3 1/2-1/2

[Event "GER-chT10 LJ-01 Br04 email"]
[Site "GER email"]
[Date "2013.10.04"]
[Round "?"]
[White "Mahnke, Ralf"]
[Black "Bauer, Manfred"]
[Result "1/2-1/2"]
[WhiteElo "2314"]
[BlackElo "2169"]
[PlyCount "99"]
[EventDate "2013.10.15"]
[EventType "tourn (corr)"]
[EventRounds "8"]
[EventCountry "GER"]
[SourceTitle "Corr 2015"]
[Source "ChessBase"]
[SourceDate "2015.07.17"]
[SourceVersion "1"]
[SourceVersionDate "2015.07.17"]
[SourceQuality "1"]

1. d4 Nf6 2. c4 g6 3. Nc3 d5 4. cxd5 Nxd5 5. e4 Nxc3 6. bxc3 Bg7 7. Qa4+ Nd7 8. Nf3 0-0 9. Be2 c5 10. 0-0 cxd4 11. cxd4 Nc5 12. dxc5 Bxa1 13. e5 Qc7 14. Qf4 Bc3 15. Qe3 Qa5 16. Qh6 f6 17. Bc4+ e6 18. Qe3 Bd7 19. h4 Rae8 20. h5 gxh5 21. Rd1 Bc6 22. Nd4 Bxd4 23. Rxd4 Qc7 24. Rd6 Bd5 25. Bxd5 exd5 26. e6 Qg7 27. Ba3 Kh8 28. c6 Rg8 29. Qf3 bxc6 30. Bb2 Rgf8 31. Rxc6 Qg6 32. Ba3 Rg8 33. e7 Kg7 34. Qxd5 Rc8 35. Re6 Rge8 36. Re3 h4 37. Qd4 Rb8 38. Bc5 Qg5 39. Qd6 Rb5 40. Bd4 Rf5 41. Qc6 Kf7 42. Qc4+ Kg7 43. Re4 Qg6 44. Qc6 h3 45. g3 h2+ 46. Kxh2 Qh5+ 47. Rh4 Qe2 48. Qxe8 Rxf2+ 49. Bxf2 Qxf2+ 50. Kh3 1/2-1/2

[Event "GER-chT10 LJ-01 Br04 email"]
[Site "GER email"]
[Date "2013.10.04"]
[Round "?"]
[White "Mahnke, Ralf"]
[Black "Rott, Georg"]
[Result "1/2-1/2"]
[WhiteElo "2314"]
[BlackElo "2018"]
[PlyCount "90"]
[EventDate "2013.10.15"]
[EventType "tourn (corr)"]
[EventRounds "8"]
[EventCountry "GER"]
[SourceTitle "Corr 2015"]
[Source "ChessBase"]
[SourceDate "2015.07.17"]
[SourceVersion "1"]
[SourceVersionDate "2015.07.17"]
[SourceQuality "1"]

1. d4 d5 2. c4 c6 3. Nf3 Nf6 4. Nc3 dxc4 5. a4 Bf5 6. Ne5 Nbd7 7. Nxc4 Nb6 8. Ne5 a5 9. f3 Nfd7 10. e4 Nxe5 11. exf5 Ned7 12. d5 g6 13. dxc6 bxc6 14. Qd4 Rg8 15. fxg6 Rxg6 16. Qf2 Rb8 17. Bd3 Re6+ 18. Be2 Nc8 19. 0-0 Qb6 20. Qxb6 Ndxb6 21. Bd3 Nd6 22. Bxh7 Bg7 23. Rb1 Nbc4 24. Ne4 Bd4+ 25. Kh1 Nxb2 26. Nxd6+ exd6 27. Bf5 Re2 28. Bf4 Rd8 29. h4 Kf8 30. h5 Nxa4 31. Bg5 Rde8 32. Bd7 Nc3 33. Bxe8 Nxb1 34. Bxc6 Nc3 35. Ra1 a4 36. Bh6+ Kg8 37. Ra3 Bh8 38. g4 Re6 39. Bf4 d5 40. Bd7 Re7 41. Bf5 Re2 42. h6 Bf6 43. Bd3 Rf2 44. Bg5 Be5 45. Bf4 Bf6 1/2-1/2

[Event "GER-chT10 LJ-01 Br04 email"]
[Site "GER email"]
[Date "2013.10.04"]
[Round "?"]
[White "Mahnke, Ralf"]
[Black "Ruefenacht, Matthias"]
[Result "1/2-1/2"]
[WhiteElo "2314"]
[BlackElo "2239"]
[PlyCount "66"]
[EventDate "2013.10.15"]
[EventType "tourn (corr)"]
[EventRounds "8"]
[EventCountry "GER"]
[SourceTitle "Corr 2015"]
[Source "ChessBase"]
[SourceDate "2015.07.17"]
[SourceVersion "1"]
[SourceVersionDate "2015.07.17"]
[SourceQuality "1"]

1. d4 d5 2. c4 dxc4 3. Nf3 Nf6 4. e3 e6 5. Bxc4 c5 6. 0-0 a6 7. Bb3 cxd4 8. exd4 Nc6 9. Nc3 Be7 10. Bg5 0-0 11. Qd2 Na5 12. Bc2 b5 13. Qf4 Bb7 14. a4 Nh5 15. Qh4 Bxg5 16. Qxh5 Bh6 17. axb5 axb5 18. Qxb5 Bxf3 19. gxf3 Qh4 20. Ne2 Rac8 21. Bxh7+ Kxh7 22. Rxa5 Rb8 23. Qd3+ f5 24. d5 Rxb2 25. Qd4 Qf6 26. Qxf6 Rxf6 27. Ng3 Bd2 28. Rc5 exd5 29. Rxd5 g6 30. h4 Kh6 31. Kg2 Be3 32. h5 Rc2 33. hxg6 Kxg6 1/2-1/2

[Event "GER-chT10 LJ-01 Br04 email"]
[Site "GER email"]
[Date "2013.10.04"]
[Round "?"]
[White "Sicker, Rolf"]
[Black "Mahnke, Ralf"]
[Result "0-1"]
[WhiteElo "1941"]
[BlackElo "2314"]
[PlyCount "100"]
[EventDate "2013.10.15"]
[EventType "tourn (corr)"]
[EventRounds "8"]
[EventCountry "GER"]
[SourceTitle "Corr 2015"]
[Source "ChessBase"]
[SourceDate "2015.07.17"]
[SourceVersion "1"]
[SourceVersionDate "2015.07.17"]
[SourceQuality "1"]

1. e4 e5 2. Nf3 Nc6 3. Bb5 a6 4. Bxc6 dxc6 5. 0-0 Bg4 6. h3 h5 7. d3 Qf6 8. Nbd2 Ne7 9. Re1 Ng6 10. d4 Nf4 11. dxe5 Qg6 12. Nh4 Bxd1 13. Nxg6 Nxg6 14. Rxd1 0-0-0 15. e6 fxe6 16. Re1 Ne5 17. Nb3 Bb4 18. c3 Bd6 19. Nd4 Rhe8 20. Bg5 Rd7 21. Rad1 c5 22. Ne2 c4 23. Nf4 b5 24. Nxh5 Nd3 25. Re2 Bc5 26. Ng3 Rf8 27. Be3 Bxe3 28. fxe3 a5 29. Red2 Rfd8 30. Rc2 Ne5 31. Rxd7 Rxd7 32. Nh5 Rd1+ 33. Kf2 g5 34. Kg3 b4 35. b3 a4 36. bxc4 c5 37. cxb4 cxb4 38. Ng7 Nd3 39. Nxe6 b3 40. axb3 axb3 41. Rc3 b2 42. Rb3 b1Q 43. Rxb1 Rxb1 44. Nxg5 Kd7 45. h4 Ke7 46. Kh3 Re1 47. Kg4 Rxe3 48. Nf3 Rxe4+ 49. Kg5 Ke6 50. h5 Ne5 0-1

[Event "GER-chT9 LI-01 Br04 email"]
[Site "GER email"]
[Date "2011.10.16"]
[Round "?"]
[White "Mahnke, Ralf"]
[Black "Fuss, Thomas"]
[Result "1/2-1/2"]
[WhiteElo "2335"]
[BlackElo "2084"]
[PlyCount "59"]
[EventDate "2011.10.23"]
[EventType "tourn (corr)"]
[EventRounds "9"]
[EventCountry "GER"]
[SourceTitle "Corr 2015"]
[Source "ChessBase"]
[SourceDate "2015.07.17"]
[SourceVersion "1"]
[SourceVersionDate "2015.07.17"]
[SourceQuality "1"]

1. d4 Nf6 2. c4 e6 3. Nc3 Bb4 4. Qc2 0-0 5. e4 d5 6. e5 Ne4 7. Bd3 c5 8. Nf3 cxd4 9. Nxd4 Nd7 10. Bf4 Qh4 11. g3 Qh3 12. 0-0-0 Nxc3 13. bxc3 Ba3+ 14. Kb1 Nb6 15. Bf1 Qh5 16. Be2 Qg6 17. Be3 Be7 18. Qxg6 hxg6 19. Nb5 Bd7 20. Nc7 Rac8 21. Bxb6 axb6 22. cxd5 Rxc7 23. d6 Bc6 24. dxc7 Bxh1 25. Rxh1 Rc8 26. f4 Rxc7 27. Kc2 g5 28. fxg5 Bxg5 29. Rb1 Rd7 30. Rd1 1/2-1/2

[Event "GER-chT8 LH-01 Br2 email"]
[Site "GER email"]
[Date "2009.10.09"]
[Round "?"]
[White "Mahnke, Ralf"]
[Black "Kamp, Christoph"]
[Result "1/2-1/2"]
[WhiteElo "2344"]
[BlackElo "2324"]
[PlyCount "83"]
[EventDate "2009.10.15"]
[EventType "tourn (corr)"]
[EventRounds "8"]
[EventCountry "GER"]
[SourceTitle "Corr 2020"]
[Source "ChessBase"]
[SourceDate "2019.09.30"]
[SourceVersion "1"]
[SourceVersionDate "2019.09.30"]
[SourceQuality "1"]

1. d4 d5 2. c4 c6 3. Nf3 Nf6 4. Nc3 dxc4 5. a4 Bf5 6. Ne5 Nbd7 7. Nxc4 Nb6 8. Ne5 a5 9. f3 Nfd7 10. e4 Nxe5 11. dxe5 Qxd1+ 12. Kxd1 Be6 13. Kc2 f6 14. Rb1 fxe5 15. b4 Nc4 16. Bxc4 Bxc4 17. bxa5 0-0-0 18. Rd1 Rxd1 19. Nxd1 e6 20. Kc3 Be2 21. Be3 Bd6 22. Bb6 Bc7 23. h4 Rd8 24. Nf2 c5 25. Bxc7 Kxc7 26. Ng4 Rd3+ 27. Kc2 Rd4 28. Rb6 Bd1+ 29. Kc3 Rd6 30. Rb5 Rc6 31. Nxe5 Bxa4 32. Rb2 Ra6 33. Nc4 Ra8 34. Kd2 Rd8+ 35. Ke3 Rd4 36. Nb6 Kc6 37. Kf4 Bd1 38. Ke5 Rb4 39. Rd2 Bb3 40. Rd8 Kb5 41. Rg8 g6 42. Ra8 1/2-1/2

[Event "GER-chT8 LH-01 Br2 email"]
[Site "GER email"]
[Date "2009.10.09"]
[Round "?"]
[White "Mahnke, Ralf"]
[Black "Schueler, Wolfgang"]
[Result "1-0"]
[WhiteElo "2344"]
[BlackElo "2168"]
[PlyCount "115"]
[EventDate "2009.10.15"]
[EventType "tourn (corr)"]
[EventRounds "8"]
[EventCountry "GER"]
[SourceTitle "Corr 2020"]
[Source "ChessBase"]
[SourceDate "2019.09.30"]
[SourceVersion "1"]
[SourceVersionDate "2019.09.30"]
[SourceQuality "1"]

1. d4 d5 2. c4 c6 3. Nf3 Nf6 4. Nc3 dxc4 5. a4 Bf5 6. Ne5 e6 7. f3 Bb4 8. e4 Bxe4 9. fxe4 Nxe4 10. Bd2 Qxd4 11. Nxe4 Qxe4+ 12. Qe2 Bxd2+ 13. Kxd2 Qd5+ 14. Kc2 0-0 15. Qe3 Na6 16. Bxc4 Nb4+ 17. Kb3 Qd6 18. Rad1 Nd5 19. Qe1 f6 20. Nf3 a6 21. a5 Rfe8 22. Ka2 Rab8 23. Nd4 b5 24. Bxd5 cxd5 25. Qg3 Qd7 26. Qh3 Rbd8 27. Rc1 e5 28. Qxd7 Rxd7 29. Rhe1 Ree7 30. Nc6 Re6 31. Kb1 Rdd6 32. Nb4 e4 33. Rc5 d4 34. Kc1 d3 35. Kd1 h5 36. Nd5 Re5 37. Rc8+ Kf7 38. Rc7+ Ke8 39. Ne3 f5 40. g3 g6 41. Kd2 g5 42. Rg1 Kf8 43. Rf1 Rf6 44. Ke1 f4 45. h4 f3 46. Kf2 Rd6 47. hxg5 Rxg5 48. Rfc1 d2 49. Rd1 b4 50. Rc4 Re5 51. Rxb4 Rd3 52. Rc4 Re7 53. Rc3 Red7 54. Rxd3 Rxd3 55. Rh1 Kf7 56. Nd1 Rd5 57. Ke3 Rxa5 58. Kxe4 1-0

[Event "GER-chT8 LH-01 Br2 email"]
[Site "GER email"]
[Date "2009.10.09"]
[Round "?"]
[White "Ruemmele, Michael"]
[Black "Mahnke, Ralf"]
[Result "1/2-1/2"]
[WhiteElo "2370"]
[BlackElo "2344"]
[PlyCount "132"]
[EventDate "2009.10.15"]
[EventType "tourn (corr)"]
[EventRounds "8"]
[EventCountry "GER"]
[SourceTitle "Corr 2020"]
[Source "ChessBase"]
[SourceDate "2019.09.30"]
[SourceVersion "1"]
[SourceVersionDate "2019.09.30"]
[SourceQuality "1"]

1. e4 e5 2. Nf3 Nc6 3. Bb5 a6 4. Ba4 Nf6 5. 0-0 Be7 6. Re1 b5 7. Bb3 d6 8. c3 0-0 9. h3 Bb7 10. d4 Re8 11. Nbd2 Bf8 12. a4 h6 13. Bc2 exd4 14. cxd4 Nb4 15. Bb1 c5 16. d5 Nd7 17. Ra3 c4 18. axb5 axb5 19. Nd4 Qb6 20. Nf5 Ne5 21. Rg3 g6 22. Nf3 Ned3 23. Be3 Qd8 24. Bxh6 Qf6 25. Qd2 Nxe1 26. Bxf8 Nxf3+ 27. Rxf3 gxf5 28. Rxf5 Qg6 29. Rg5 Qxg5 30. Qxg5+ Kxf8 31. Qh6+ Kg8 32. e5 Nd3 33. Qg5+ Kh7 34. exd6 Bc8 35. Qf6 Rf8 36. b3 Bd7 37. f4 Rg8 38. f5 Rg7 39. bxc4 bxc4 40. Qh4+ Kg8 41. f6 Rg6 42. Qxc4 Ne5 43. Qc3 Re8 44. Bxg6 fxg6 45. Qg3 Kf7 46. Qh4 Bc8 47. Kh2 Bd7 48. Kh1 Bf5 49. g3 g5 50. Qh6 Rg8 51. Kg1 g4 52. h4 Nd7 53. Qf4 Kxf6 54. Qe3 Rf8 55. Kf2 Rf7 56. Ke2 Kg7 57. Qg5+ Kh7 58. Kd2 Nb6 59. Qf4 Kg6 60. Qd4 Nd7 61. Qe3 Kh7 62. Qf4 Nb6 63. h5 Rf6 64. Qg5 Rf7 65. Kc1 Nd7 66. Kb2 Nf8 1/2-1/2

[Event "Frankfurt-ch"]
[Site "Frankfurt"]
[Date "2008.05.19"]
[Round "3"]
[White "Koch, Markus"]
[Black "Mahnke, Ralf"]
[Result "1-0"]
[WhiteElo "1935"]
[BlackElo "1751"]
[PlyCount "125"]
[EventDate "2008.04.28"]
[EventType "swiss"]
[EventRounds "7"]
[EventCountry "GER"]
[SourceTitle "EXT 2009"]
[Source "ChessBase"]
[SourceDate "2008.11.26"]
[SourceVersion "1"]
[SourceVersionDate "2008.11.26"]
[SourceQuality "1"]

1. e4 e5 2. Nf3 Nc6 3. Bb5 a6 4. Ba4 Nf6 5. 0-0 Be7 6. Re1 b5 7. Bb3 d6 8. c3 0-0 9. h3 Bb7 10. d4 Re8 11. Nbd2 Bf8 12. a4 h6 13. d5 Nb8 14. Nf1 Nbd7 15. a5 Nc5 16. Bc2 c6 17. b4 Ncd7 18. Ne3 cxd5 19. exd5 e4 20. Nh2 Rc8 21. Ra3 Ne5 22. Nhg4 Nc4 23. Nxc4 Rxc4 24. Nxf6+ Qxf6 25. Bd3 Rxc3 26. Bxe4 Rxa3 27. Bxa3 g6 28. Re2 Qg5 29. Bc1 Qh4 30. Qd3 Bg7 31. g3 Qd8 32. Be3 Qd7 33. Kh2 h5 34. Bb6 Rc8 35. Qd2 Kh7 36. Qg5 Re8 37. Qxh5+ Kg8 38. Qg5 Bc8 39. g4 Re5 40. Qd2 Qe7 41. Bf3 Rxe2 42. Bxe2 Bb7 43. Bf3 Qe5+ 44. Kg2 Qc3 45. Qg5 Bf6 46. Qf4 Be5 47. Qe4 Qb3 48. h4 Qc4 49. g5 Qxe4 50. Bxe4 Bc3 51. Kg3 Bxb4 52. h5 gxh5 53. Kh4 Bc3 54. Kxh5 Kg7 55. f4 b4 56. Bc7 b3 57. Bxd6 b2 58. f5 Bxd5 59. f6+ Kg8 60. Bb1 Bc4 61. Kh6 Bd5 62. Bh7+ Kh8 63. Bf8 1-0

[Event "GER-chT LF-1 B2 email"]
[Site "GER email"]
[Date "2007.??.??"]
[Round "?"]
[White "Handel, Horst"]
[Black "Mahnke, Ralf"]
[Result "1/2-1/2"]
[WhiteElo "2387"]
[BlackElo "2354"]
[PlyCount "33"]
[EventDate "2007.??.??"]
[EventType "team (corr)"]
[EventRounds "9"]
[EventCountry "GER"]
[SourceTitle "Corr 2008"]
[Source "ChessBase"]
[SourceDate "2008.06.24"]
[SourceVersion "1"]
[SourceVersionDate "2008.06.24"]
[SourceQuality "1"]

1. e4 e5 2. Nf3 Nc6 3. d4 exd4 4. Nxd4 Bc5 5. Be3 Qf6 6. c3 Nge7 7. Bc4 Ne5 8. Be2 d6 9. 0-0 Qg6 10. f3 0-0 11. Nd2 d5 12. Kh1 dxe4 13. fxe4 Bg4 14. Bf4 Bxe2 15. Qxe2 Bd6 16. Nb5 N7c6 17. Nf3 1/2-1/2

[Event "GER-chT LF-1 B2 email"]
[Site "GER email"]
[Date "2007.??.??"]
[Round "?"]
[White "Mahnke, Ralf"]
[Black "Broeker, Clemens"]
[Result "1/2-1/2"]
[WhiteElo "2354"]
[BlackElo "2208"]
[PlyCount "97"]
[EventDate "2007.??.??"]
[EventType "team (corr)"]
[EventRounds "9"]
[EventCountry "GER"]
[SourceTitle "Corr 2008"]
[Source "ChessBase"]
[SourceDate "2008.06.24"]
[SourceVersion "1"]
[SourceVersionDate "2008.06.24"]
[SourceQuality "1"]

1. d4 d6 2. c4 e5 3. Nf3 e4 4. Ng5 f5 5. Nc3 Be7 6. Nh3 Nf6 7. Bg5 h6 8. Bxf6 Bxf6 9. e3 0-0 10. Nf4 c5 11. dxc5 Qa5 12. Nfd5 dxc5 13. Nxf6+ Rxf6 14. Be2 Nc6 15. 0-0 Be6 16. Qb3 Qc7 17. Rad1 Ne5 18. Qc2 Rg6 19. b3 Rd8 20. Rxd8+ Qxd8 21. Rd1 Qg5 22. g3 Qe7 23. Qd2 Rf6 24. Nb5 a6 25. Nc3 Rf8 26. Qd6 Qxd6 27. Rxd6 Kf7 28. g4 Ke7 29. Rb6 Rb8 30. gxf5 Bxf5 31. Kg2 Nc6 32. Kg3 Kd8 33. a3 Ne7 34. Rd6+ Kc7 35. Rd2 Re8 36. Bd1 Bd7 37. Bg4 Bc6 38. b4 cxb4 39. axb4 b5 40. Rd4 bxc4 41. Rxc4 Ng6 42. b5 Ne5 43. Rxc6+ Nxc6 44. bxc6 Kxc6 45. Be2 Ra8 46. Bc4 Kc5 47. Ba2 Kb4 48. Nxe4 Rd8 49. Kf4 1/2-1/2

[Event "GER-chT LF-1 B2 email"]
[Site "GER email"]
[Date "2007.??.??"]
[Round "?"]
[White "Mahnke, Ralf"]
[Black "Mueller, Gerhard"]
[Result "1/2-1/2"]
[WhiteElo "2354"]
[BlackElo "2340"]
[PlyCount "64"]
[EventDate "2007.??.??"]
[EventType "team (corr)"]
[EventRounds "9"]
[EventCountry "GER"]
[SourceTitle "Corr 2008"]
[Source "ChessBase"]
[SourceDate "2008.06.24"]
[SourceVersion "1"]
[SourceVersionDate "2008.06.24"]
[SourceQuality "1"]

1. d4 Nf6 2. c4 c5 3. d5 e6 4. Nc3 exd5 5. cxd5 d6 6. e4 g6 7. Bd3 Bg7 8. h3 0-0 9. Nf3 b5 10. Bxb5 Nxe4 11. Nxe4 Qa5+ 12. Nfd2 Qxb5 13. Nxd6 Qa6 14. N2c4 Nd7 15. 0-0 Ne5 16. Nxc8 Raxc8 17. Nxe5 Bxe5 18. Re1 Rfe8 19. Bg5 Bd4 20. Rb1 Qd6 21. Qa4 Rxe1+ 22. Rxe1 Qxd5 23. Bh6 Qd8 24. b3 c4 25. bxc4 Bxf2+ 26. Kxf2 Qh4+ 27. Kf1 Qxh6 28. c5 Qf8 29. Re5 Qd8 30. Kg1 Kg7 31. Qc4 Rc6 32. Rd5 Qf6 1/2-1/2

[Event "Frankfurt-ch"]
[Site "Frankfurt"]
[Date "2006.05.08"]
[Round "3"]
[White "Mahnke, Ralf"]
[Black "Muellergross, Christian"]
[Result "1-0"]
[WhiteElo "1776"]
[BlackElo "1489"]
[PlyCount "53"]
[EventDate "2006.04.24"]
[EventType "swiss"]
[EventRounds "7"]
[EventCountry "GER"]
[SourceTitle "EXT 2007"]
[Source "ChessBase"]
[SourceDate "2006.11.23"]
[SourceVersion "1"]
[SourceVersionDate "2006.11.23"]
[SourceQuality "1"]

1. d4 e6 2. c4 f5 3. g3 Nf6 4. Bg2 c6 5. Nh3 d6 6. Nf4 g5 7. Nd3 h6 8. Nc3 Nbd7 9. h4 g4 10. Nf4 e5 11. Ne6 Qb6 12. dxe5 dxe5 13. Nxf8 Kxf8 14. 0-0 Kg7 15. b3 Re8 16. Qd2 Ng8 17. Bb2 Kg6 18. Rad1 Ngf6 19. Bc1 Rh8 20. Qc2 e4 21. Rd6 Ne5 22. Nd5 cxd5 23. Rxb6 axb6 24. cxd5 Rd8 25. Rd1 Rd6 26. Bf4 Nfd7 27. Qc7 1-0

[Event "Frankfurt-ch"]
[Site "Frankfurt"]
[Date "2005.06.06"]
[Round "6"]
[White "Hilbenz, Guntram"]
[Black "Mahnke, Ralf"]
[Result "1/2-1/2"]
[WhiteElo "1877"]
[BlackElo "1702"]
[PlyCount "120"]
[EventDate "2005.04.25"]
[EventType "swiss"]
[EventRounds "7"]
[EventCountry "GER"]
[SourceTitle "EXT 2006"]
[Source "ChessBase"]
[SourceDate "2005.11.24"]
[SourceVersion "1"]
[SourceVersionDate "2005.11.24"]
[SourceQuality "1"]

1. c4 e5 2. g3 Nf6 3. Bg2 Nc6 4. Nc3 Bb4 5. Nd5 Bc5 6. e3 0-0 7. Ne2 a6 8. 0-0 d6 9. a3 Bf5 10. d4 Ba7 11. h3 Nxd5 12. cxd5 Ne7 13. Kh2 c6 14. dxc6 Nxc6 15. b4 e4 16. Nc3 d5 17. Qb3 Ne7 18. a4 Rc8 19. Ba3 Qd7 20. b5 Rfe8 21. Rfc1 Be6 22. b6 Bb8 23. Bxe7 Rxe7 24. Nxd5 Ree8 25. Bxe4 Bxh3 26. Rxc8 Rxc8 27. Nc7 Bxc7 28. bxc7 Rxc7 29. Rb1 Be6 30. Qb6 Rc8 31. a5 Bd5 32. Bxd5 Qxd5 33. Qxb7 Qf5 34. Kg2 h5 35. Rh1 Rc2 36. Qf3 Qxf3+ 37. Kxf3 g6 38. Ra1 Kg7 39. Ra4 Kf8 40. e4 Ke7 41. Ke3 Kd7 42. Rb4 Ra2 43. Rb7+ Ke8 44. d5 Rxa5 45. Kd4 f6 46. Rg7 g5 47. Rh7 Ra4+ 48. Kc5 Rxe4 49. Kd6 h4 50. Rh8+ Kf7 51. gxh4 gxh4 52. Kd7 Rf4 53. d6 Rxf2 54. Rxh4 Ra2 55. Rh7+ Kg6 56. Re7 f5 57. Kc8 Rc2+ 58. Rc7 Rd2 59. d7 Kg5 60. d8Q+ Rxd8+ 1/2-1/2